[Event "Bogoroditsk 03"]
[Site "Bogoroditsk"]
[Date "2011.03.23"]
[Round "5"]
[White "Gusev, Aleksey"]
[Black "Babaoglu, Cumhur"]
[Result "1/2-1/2"]
[WhiteElo "2411"]
[BlackElo "2148"]
[PlyCount "49"]
[EventDate "2011.03.20"]
[EventType "tourn"]
[EventRounds "13"]
[EventCountry "RUS"]
[EventCategory "5"]
[SourceTitle "EXT 2012"]
[Source "ChessBase"]
[SourceDate "2011.11.24"]
[SourceVersion "1"]
[SourceVersionDate "2011.11.24"]
[SourceQuality "1"]

1. Nf3 Nf6 2. d4 d5 3. c4 e6 4. Bg5 Be7 5. Nc3 0-0 6. e3 Nbd7 7. Rc1 c6 8. Bd3 dxc4 9. Bxc4 Nd5 10. Bxe7 Qxe7 11. 0-0 Nxc3 12. Rxc3 e5 13. dxe5 Nxe5 14. Nxe5 Qxe5 15. Qb3 Qe7 16. Rd1 Bf5 17. Rcc1 Rad8 18. a4 b6 19. Qc3 c5 20. a5 Rd6 21. axb6 axb6 22. Qb3 Rfd8 23. Rxd6 Rxd6 24. Rd1 Rxd1+ 25. Qxd1 1/2-1/2

[Event "Bogoroditsk 03"]
[Site "Bogoroditsk"]
[Date "2011.03.22"]
[Round "3"]
[White "Arakeljan, Armen M"]
[Black "Babaoglu, Cumhur"]
[Result "1/2-1/2"]
[WhiteElo "2295"]
[BlackElo "2148"]
[PlyCount "59"]
[EventDate "2011.03.20"]
[EventType "tourn"]
[EventRounds "13"]
[EventCountry "RUS"]
[EventCategory "5"]
[SourceTitle "EXT 2012"]
[Source "ChessBase"]
[SourceDate "2011.11.24"]
[SourceVersion "1"]
[SourceVersionDate "2011.11.24"]
[SourceQuality "1"]

1. e4 e5 2. Nf3 Nf6 3. Nxe5 d6 4. Nf3 Nxe4 5. d4 d5 6. Bd3 Nc6 7. 0-0 Be7 8. c4 Nb4 9. Be2 0-0 10. Nc3 Bf5 11. a3 Nxc3 12. bxc3 Nc6 13. Bf4 dxc4 14. Bxc4 Bd6 15. Qd2 Qd7 16. Rfe1 h6 17. Ne5 Nxe5 18. Bxe5 Rae8 19. Qf4 Bxe5 20. dxe5 Rd8 21. Re3 b6 22. Rae1 Kh8 23. h3 Be6 24. Qe4 Qa4 25. Bxe6 Qxe4 26. Rxe4 fxe6 27. Rd4 Kg8 28. Red1 Rxd4 29. Rxd4 Rf5 30. f4 1/2-1/2

[Event "Bogoroditsk 03"]
[Site "Bogoroditsk"]
[Date "2011.03.20"]
[Round "1"]
[White "Kalinichev, Andrey"]
[Black "Babaoglu, Cumhur"]
[Result "1-0"]
[WhiteElo "2411"]
[BlackElo "2148"]
[PlyCount "115"]
[EventDate "2011.03.20"]
[EventType "tourn"]
[EventRounds "13"]
[EventCountry "RUS"]
[EventCategory "5"]
[SourceTitle "EXT 2012"]
[Source "ChessBase"]
[SourceDate "2011.11.24"]
[SourceVersion "1"]
[SourceVersionDate "2011.11.24"]
[SourceQuality "1"]

1. d4 Nf6 2. c4 g6 3. Nc3 Bg7 4. e4 d6 5. Nf3 0-0 6. Be2 Nc6 7. 0-0 e5 8. d5 Ne7 9. b4 Nh5 10. Re1 Nf4 11. Bxf4 exf4 12. Rc1 h6 13. Qd2 g5 14. c5 Bd7 15. Nd4 a5 16. Ncb5 Bxb5 17. Nxb5 axb4 18. cxd6 cxd6 19. Qxb4 Be5 20. a3 Qb6 21. Bg4 Kg7 22. Rc4 Kg6 23. h3 h5 24. Bd7 f3 25. gxf3 Kg7 26. Qd2 Ng6 27. Qe3 Qa5 28. Rb1 Bf4 29. Qb3 Ne5 30. Rc7 Rfb8 31. Be6 Kf8 32. Bf5 Qb6 33. Kg2 Rd8 34. Rc3 Ra5 35. Nc7 Qxb3 36. Rcxb3 b6 37. Nb5 Nc4 38. Rc3 Ne5 39. Rc6 Ke7 40. Rxb6 Raa8 41. Rb7+ Kf8 42. Na7 Kg7 43. a4 Rf8 44. a5 Kf6 45. Rd1 g4 46. fxg4 hxg4 47. hxg4 Kg5 48. a6 Rh8 49. Rh1 Rxh1 50. Kxh1 Nxg4 51. Bxg4 Kxg4 52. Kg2 f6 53. f3+ Kg5 54. Kf2 Kg6 55. Ke2 Bc1 56. Rd7 Bf4 57. Kd3 Kg5 58. Kc4 1-0

[Event "Novomoskovsk"]
[Site "Novomoskovsk"]
[Date "2010.08.21"]
[Round "10"]
[White "Babaoglu, Cumhur"]
[Black "Gorbunov, Oleg"]
[Result "1-0"]
[WhiteElo "2085"]
[BlackElo "2068"]
[PlyCount "83"]
[EventDate "2010.08.21"]
[EventType "tourn"]
[EventRounds "13"]
[EventCountry "RUS"]
[SourceTitle "EXT 2022"]
[Source "ChessBase"]
[SourceDate "2021.10.06"]
[SourceVersion "1"]
[SourceVersionDate "2021.10.06"]
[SourceQuality "1"]

1. c4 g6 2. Nc3 Bg7 3. g3 Nf6 4. Bg2 0-0 5. d3 c5 6. Nf3 Nc6 7. 0-0 d6 8. Bd2 Bd7 9. h3 a6 10. Qc1 Qc7 11. Bh6 Rab8 12. a4 Nb4 13. Bxg7 Kxg7 14. a5 Bc6 15. Nd2 Bxg2 16. Kxg2 Nc6 17. Nd5 Nxd5 18. cxd5 Nb4 19. Qc3+ Kg8 20. e4 f5 21. Nf3 fxe4 22. dxe4 Qd7 23. Ng5 Qb5 24. Ne6 Rf7 25. b3 Rc8 26. f3 Nd3 27. f4 Nb4 28. Rf2 Qd3 29. Qxd3 Nxd3 30. Rd2 Nb4 31. g4 h6 32. h4 Kh7 33. Kg3 Kg8 34. Rf1 Kh7 35. g5 h5 36. f5 Kg8 37. Rdd1 gxf5 38. exf5 Nc2 39. Rf3 Nd4 40. Nxd4 cxd4 41. Rxd4 Rc5 42. b4 1-0

[Event "Novomoskovsk"]
[Site "Novomoskovsk"]
[Date "2010.08.21"]
[Round "8"]
[White "Babaoglu, Cumhur"]
[Black "Krasnov, Yury A"]
[Result "1/2-1/2"]
[WhiteElo "2085"]
[BlackElo "2116"]
[PlyCount "71"]
[EventDate "2010.08.21"]
[EventType "tourn"]
[EventRounds "13"]
[EventCountry "RUS"]
[SourceTitle "EXT 2022"]
[Source "ChessBase"]
[SourceDate "2021.10.06"]
[SourceVersion "1"]
[SourceVersionDate "2021.10.06"]
[SourceQuality "1"]

1. g3 Nf6 2. Bg2 g6 3. c4 Bg7 4. Nc3 0-0 5. d3 d6 6. e3 c5 7. Nge2 Nc6 8. 0-0 Bd7 9. Rb1 Rb8 10. a3 a6 11. b4 cxb4 12. axb4 b5 13. cxb5 axb5 14. d4 Qb6 15. h3 Rfc8 16. Qb3 e6 17. Rd1 d5 18. Nf4 Nd8 19. Nd3 Nb7 20. Nc5 Bc6 21. Ra1 Ra8 22. Bd2 Nd6 23. Be1 Nc4 24. Qc2 Bf8 25. Ne2 Nd7 26. Nf4 Bg7 27. Nfd3 Qc7 28. Rdc1 Qd6 29. h4 h5 30. Bc3 Rxa1 31. Rxa1 Ra8 32. Rxa8+ Bxa8 33. Qa2 Bc6 34. Qa7 Qb8 35. Qxb8+ Nxb8 36. Kf1 1/2-1/2

[Event "Novomoskovsk"]
[Site "Novomoskovsk"]
[Date "2010.08.21"]
[Round "7"]
[White "Babaoglu, Cumhur"]
[Black "Semenova, Svetlana"]
[Result "1/2-1/2"]
[WhiteElo "2085"]
[BlackElo "2064"]
[PlyCount "66"]
[EventDate "2010.08.21"]
[EventType "tourn"]
[EventRounds "13"]
[EventCountry "RUS"]
[SourceTitle "EXT 2022"]
[Source "ChessBase"]
[SourceDate "2021.10.06"]
[SourceVersion "1"]
[SourceVersionDate "2021.10.06"]
[SourceQuality "1"]

1. d4 Nf6 2. c4 e6 3. Nc3 d5 4. cxd5 exd5 5. Bg5 Be7 6. e3 Nbd7 7. Qc2 c6 8. Bd3 0-0 9. Nf3 Re8 10. 0-0 h6 11. Bf4 Nf8 12. h3 Be6 13. Ne5 N6d7 14. Bh2 Nxe5 15. dxe5 f6 16. exf6 Bxf6 17. e4 Bf7 18. Rfe1 dxe4 19. Nxe4 Be5 20. Bxe5 Rxe5 21. Nc5 Rxc5 22. Qxc5 Qxd3 23. Rad1 Qc4 24. Qe7 Qb5 25. b3 Qb6 26. Qd6 Qa5 27. Re7 Re8 28. Rxe8 Bxe8 29. Qe7 Bd7 30. Rxd7 Nxd7 31. Qxd7 Qe1+ 32. Kh2 Qxf2 33. Qxb7 Qf4+ 1/2-1/2